On shaky grounds (Record no. 68781)
[ view plain ]
| 000 -LEADER | |
|---|---|
| fixed length control field | 01051cam a2200229 4500 |
| 001 - CONTROL NUMBER | |
| control field | ABS64658 |
| 008 - FIXED-LENGTH DATA ELEMENTS--GENERAL INFORMATION | |
| fixed length control field | 011105n2001 000 0 eng u |
| 035 ## - SYSTEM CONTROL NUMBER | |
| System control number | (Sirsi) u115480 |
| 100 ## - MAIN ENTRY--PERSONAL NAME | |
| Personal name | Harris, P. |
| 245 ## - TITLE STATEMENT | |
| Title | On shaky grounds |
| 260 ## - PUBLICATION, DISTRIBUTION, ETC. | |
| Date of publication, distribution, etc. | 2001 |
| 490 ## - SERIES STATEMENT | |
| Series statement | Building |
| Volume/sequential designation | 266(8207) 26 October 2001, 56(1) |
| 520 ## - SUMMARY, ETC. | |
| Summary, etc. | Discussion of the Party Wall Act 1996. Focuses on one of its shortcomings, the issue of stabilising shared foundations where two or more properties have a foundation that is moving. This causes problems in s6(3) of the act which states that the building owner shall at their own expense strengthen or safeguard the foundations of the adjoining owner. Argues the need for this part of the act to be clarified or amended. |
| 590 ## - LOCAL NOTE (RLIN) | |
| Local note | ABS |
| 650 ## - SUBJECT ADDED ENTRY--TOPICAL TERM | |
| Topical term or geographic name entry element | PARTY WALL ACT 1996 S6(3) |
| 650 ## - SUBJECT ADDED ENTRY--TOPICAL TERM | |
| Topical term or geographic name entry element | SHARED FOUNDATIONS |
| 650 ## - SUBJECT ADDED ENTRY--TOPICAL TERM | |
| Topical term or geographic name entry element | BUILT ENVIRONMENT-BUILDING ELEMENTS-COMPLETE BUILDING ELEMENTS-FOUNDATIONS |
| 650 ## - SUBJECT ADDED ENTRY--TOPICAL TERM | |
| Topical term or geographic name entry element | UNSTABLE LAND |
| 650 ## - SUBJECT ADDED ENTRY--TOPICAL TERM | |
| Topical term or geographic name entry element | ADJOINING PROPERTIES |
| 690 ## - LOCAL SUBJECT ADDED ENTRY--TOPICAL TERM (OCLC, RLIN) | |
| Topical term or geographic name as entry element | DISPUTE RESOLUTION |
| 9 (RLIN) | 6236 |
| 942 ## - ADDED ENTRY ELEMENTS (KOHA) | |
| Suppress in OPAC | 0 |
| Withdrawn status | Lost status | Source of classification or shelving scheme | Damaged status | Not for loan | Home library | Current library | Shelving location | Date acquired | Total Checkouts | Full call number | Barcode | Date last seen | Copy number | Price effective from | Koha item type |
|---|---|---|---|---|---|---|---|---|---|---|---|---|---|---|---|
| Dewey Decimal Classification | London | London | Journal article | 05/11/2001 | ABS64658 | 115480-1001 | 06/08/2019 | 1 | 06/08/2019 | Journal article |